Desarrollo de comunidad y subculturas
Saved in:
| Hovedforfatter: | |
|---|---|
| Format: | Bog |
| Sprog: | spansk |
| Udgivet: |
Buenos Aires, Argentina
Hvmanitas
1983
|
| Udgivelse: | 2a. ed |
| Fag: | |
| Tags: |
Tilføj Tag
Ingen Tags, Vær først til at tagge denne postø!
|
MARC
| LEADER | 00000nam a2200000 a 4500 | ||
|---|---|---|---|
| 001 | UCQ0398 | ||
| 003 | CL-VaPUC | ||
| 005 | 20210616093624.0 | ||
| 008 | 980627e19830000AG |||||||||||||||||spa|d | ||
| 999 | |c 271530 |d 271528 | ||
| 040 | |c Pontificia Universidad Católica de Valparaíso | ||
| 082 | 0 | 4 | |a 361.8 POR 1983 |2 21 |
| 100 | 0 | |a Porzecanski, Teresa |e autora |9 413588 | |
| 245 | 1 | 0 | |a Desarrollo de comunidad y subculturas |
| 250 | |a 2a. ed | ||
| 260 | 0 | 3 | |a Buenos Aires, Argentina |b Hvmanitas |c 1983 |
| 300 | |a 94 páginas | ||
| 583 | |a last modification |c 19980627 00:00:00 |k Rodrigo Vera | ||
| 650 | 0 | |a Desarrollo de la comunidad |9 267505 | |
| 650 | 0 | |a Acción comunitaria |9 337628 | |
| 650 | 0 | |a Cambio social |9 256857 |x Planificación del desarrollo | |
| 942 | |c BK |2 ddc | ||
| 945 | |d 19980627 00:00:00 |a crobeson | ||
| 952 | |0 0 |1 0 |2 ddc |4 0 |6 361_800000000000000_POR_1983 |7 0 |8 A |9 306211 |a BIBGIM |b BIBGIM |d 2019-11-20 |i 1424629 |o 361.8 POR 1983 |p 1424629 |r 2025-01-15 |t 1 |w 2019-11-20 |y BK |k SSL | ||